000 00298nam a22001337a 4500
008 170407b xxu||||| |||| 00| 0 eng d
020 _a9780781770873
041 _aeng
080 _a616
100 _a9
101 _aSHM
245 _aESSENTIALS OF PATHOPHYSIOLOGY
_cPORTH, C.M
942 _2udc
_cBK
999 _c10141
_d10141